000 00559cam a22002291 4500
001 sa 65005181
003 DLC
005 20260227112136.0
008 941128s1964 ii a 000 0 beno
010 _asa 65005181
025 _aPL480:EP-B-791
035 _a(OCoLC)31523675
040 _aDLC
_cCU
_dCU
_dDLC
042 _apremarc
050 0 0 _aQB44
_b.S555
100 1 _aSiddiky, Hashi,
_d1937-
245 1 0 _aĀkāśera nīle.
260 _c[1964]
300 _a80 p.
_billus.
_c22 cm.
500 _aIn Bengali.
650 0 _aAstronomy
_xPopular works.
999 _c64168
_d64168